000 00346nam a22001577a 4500
003 MPLRDC
005 20220104165219.0
008 210129b ||||| |||| 00| 0 eng d
082 _a428 HOLT
100 _aJOHN HOLT
245 _aHOW CHILDREN LEARN
_c
260 _a
_bPENGUIN BOOKS
_c
300 _b
650 _a
942 _cBK
_o428 HOLT
999 _c57358
_d57348